000
00262nam a2200109Ia 4500
008
231212s1967 xx 000 0 und d
041
_a
eng
082
_a
621.3841
100
_a
Indolakar C. S.
245
_a
Electrical Engineering
260
_a
Delhi
_b
Danpat
_c
1967
999
_c
958122
_d
958122